000 00645cam a22002052 4500
001 0000020355
005 20151217161200.0
008 110913s xx 000 0 eng d
020 _a0199568024
040 _aKABU
_cKABU
245 1 0 _aLittle Oxford dictionary of proverbs /
_cedited byElizabeth Knowles.
250 _a1st ed.
260 _aOxford ;
_aNew York :
_bOxford University Press,
_c2009.
300 _axii, 500 p.
650 0 _aProverbs, English
_xDictionaries.
_@0000180560
700 1 _aKnowles, Elizabeth.
_@0000180486
852 1 _9p1400 KES
908 _a110913
950 _@1
999 _c15244
_d15244